Vinu priznal, zamestnankyňu banky držal ako rukojemníčku

Podrobná bibliografia
Hlavný autor: Šimoňáková, Mária, 1978- (Autor)
Médium: Článok
Jazyk:slovenčina
Fyzický popis:Fotografie
ISSN:1339-9535
Predmet:

MARC

LEADER 00000nab a2200000 ar4500
001 vtls011894981
003 SK-MaSNL
005 20260305040225.0
008 191021c2018 xo mr|p|||||||000 b|slo
038 |a SNSK 
040 |a SNSK  |b slo  |e rda  |c SK 
041 |a slo 
043 |a e-xo- - - 
044 |a xo  |c SK 
080 |a 343.712.1  |2 2011 
080 |a 343.101  |2 2011 
100 1 |a Šimoňáková, Mária,  |d 1978-  |4 aut  |9 115064 
245 1 0 |a Vinu priznal, zamestnankyňu banky držal ako rukojemníčku  |c Mária Šimoňáková 
300 |b Fotografie 
610 1 7 |a Spišská Nová Ves (Slovensko).  |b Okresný úrad  |2 snsk  |9 188150 
650 0 7 |a bankové lúpeže  |2 snsk  |9 1039926 
650 0 7 |a obvinenie zo zločinu  |2 snsk  |9 1619689 
650 0 7 |a rukojemníci  |2 snsk  |9 4469 
651 7 |a Krompachy (Slovensko)  |2 snsk  |9 43389 
651 7 |a Spišská Nová Ves (Slovensko : okres)  |2 snsk  |9 22259 
651 7 |a Spišská Nová Ves (Slovensko)  |2 snsk  |9 28800 
773 0 |t My : noviny Spiša  |g Roč. 4, č. 46 (20.11.-26.11.2018), s. 2  |x 1339-9535 
852 |a SNSK  |b KIS3GCP 
999 |c 3337341  |d 3339271